000 01436nam0a2200313 4500
001 RU\NLR\BIBL_A\011784330
005 20180919102220.0
010 _a978-5-222-29553-3
_91 500
021 _aRU
_bКН-П-18-057787
_9КН-П-18-4175
035 _a(NLR Aleph) 011784330
090 _a11792810
_c11792810
100 _a20180907d2018 u y0rusy50 ca
101 0 _arus
102 _aRU
105 _aa|||zzzz000zy
200 1 _aАдминистративное право России
_eучебное пособие для студентов вузов, обучающихся по направления подготовки укрупненной группы 40.00.00 Юриспруденция
_fВ.И. Кайнов
210 _aРостов-на-Дону
_cФеникс
_d2018
215 _a332, [1] с.
_cил.. табл.
_d21
225 1 _aСерия "Высшее образование"
225 1 _aСоответствует ФГОС
320 _aБиблиогр.: с. 308-322
606 1 _aАдминистративное право
_jУчебные издания для высших учебных заведений
_yРоссийская Федерация
_92077672
_3RU\NLR\AUTH\661253353
686 1 _aХ621я73
700 1 _aКайнов
_bВ. И.
_gВладимир Иванович
942 _cBOOK
980 _aNBR
980 _aNB